Automobile brakes and brake testing: deals with braking principles and the construction, maintenance, and testing of braking systems. (Record no. 71038)

000 -LEADER
fixed length control field 00534nam a22001697a 4500
003 - CONTROL NUMBER IDENTIFIER
control field NUST - PNEC
005 - DATE AND TIME OF LATEST TRANSACTION
control field 20170116181152.0
008 - FIXED-LENGTH DATA ELEMENTS--GENERAL INFORMATION
fixed length control field 151206b xxu||||| |||| 00| 0 eng d
020 ## - INTERNATIONAL STANDARD BOOK NUMBER
International Standard Book Number -
040 ## - CATALOGING SOURCE
Transcribing agency LIBRARY
082 ## - DEWEY DECIMAL CLASSIFICATION NUMBER
Classification number 629.246 PLA
100 ## - MAIN ENTRY--PERSONAL NAME
9 (RLIN) 15595
Personal name Platt, Maurice
245 ## - TITLE STATEMENT
Title Automobile brakes and brake testing: deals with braking principles and the construction, maintenance, and testing of braking systems.
Statement of responsibility, etc. Maurice Platt,
260 ## - PUBLICATION, DISTRIBUTION, ETC.
Date of publication, distribution, etc. c1968.
650 ## - SUBJECT ADDED ENTRY--TOPICAL TERM
9 (RLIN) 15596
Topical term or geographic name entry element Automobiles--Brakes
General subdivision ME-EE
942 ## - ADDED ENTRY ELEMENTS (KOHA)
Source of classification or shelving scheme
Koha item type Book
Holdings
Withdrawn status Lost status Source of classification or shelving scheme Damaged status Not for loan Permanent Location Current Location Shelving location Date acquired Total Checkouts Full call number Barcode Date last seen Price effective from Koha item type
          Pakistan Navy Engineering College (PNEC) Pakistan Navy Engineering College (PNEC)       629.246 PLA PNECLIB-002826 12/06/2015   Book
© 2023 Central Library, National University of Sciences and Technology. All Rights Reserved.